000
00354nam a2200133Ia 4500
008
231129s9999||||xx |||||||||||||| ||spa||
020
_a
958-9018-39-4
040
_b
spa
082
_a
925 D228m
100
_a
Montero Pérez José María
245
0
_a
Darwin
264
_a
Bogotá Colombia: Cinco
942
_2
ddc
_c
BKS
999
_c
8709
_d
8709